00487nam a2200181 a 450000100060000000300090000600800410001502000150005604000280007108200180009910000270011724500260014426000410017030000190021165000230023065000260025365000260027912197CO-ViMGA141112s2004 ck r 000 u spa d a8428326029 aCO-ViMGAbspacCO-ViMGA04a332.178 S153t1 aSandoval, Juan Domingo10aTarjetas inteligentes aMadrid, cEd. Paraninfo S.A., c1999 a212 p. diagrs.14aDINERO ELECTRONICO14aTARJETAS INTELIGENTES14aTARJETAS MAGNéticaS